[Event "Matinhos Caioba op 9th"]
[Site "Matinhos"]
[Date "2025.07.04"]
[Round "7"]
[White "Viana da Costa, Fernando"]
[Black "Umetsubo, Cesar Hidemitsu"]
[Result "1/2-1/2"]
[WhiteElo "2228"]
[BlackElo "2359"]
[PlyCount "60"]
[EventDate "2025.06.29"]
[EventType "swiss"]
[EventRounds "9"]
[EventCountry "BRA"]
[SourceTitle "CB28_2025"]
[SourceDate "2025.07.09"]
[SourceVersion "1"]
[SourceVersionDate "2025.07.09"]
[SourceQuality "1"]

1. Nf3 d5 2. d4 Nf6 3. c4 e6 4. Nc3 Be7 5. cxd5 exd5 6. Bf4 c6 7. Qc2 0-0 8. e3 Nh5 9. Be5 Nd7 10. Bd3 h6 11. g4 Nxe5 12. Nxe5 Nf6 13. h3 Nd7 14. 0-0-0 Nxe5 15. dxe5 b5 16. Bf5 Qa5 17. Kb1 Rb8 18. Ne2 Rb6 19. h4 Ra6 20. b3 c5 21. Nf4 Bb7 22. Nxd5 Bxd5 23. Rxd5 c4 24. bxc4 Qb4+ 25. Qb3 Qxc4 26. Rxb5 Qc6 27. Qd5 Qxd5 28. Rxd5 Rb8+ 29. Ka1 Rc6 30. Rb1 Rxb1+ 1/2-1/2

[Event "Matinhos Caioba op 9th"]
[Site "Matinhos"]
[Date "2025.07.02"]
[Round "5"]
[White "Mareco, Sandro"]
[Black "Umetsubo, Cesar Hidemitsu"]
[Result "1-0"]
[WhiteElo "2585"]
[BlackElo "2359"]
[PlyCount "79"]
[EventDate "2025.06.29"]
[EventType "swiss"]
[EventRounds "9"]
[EventCountry "BRA"]
[SourceTitle "CB28_2025"]
[SourceDate "2025.07.09"]
[SourceVersion "1"]
[SourceVersionDate "2025.07.09"]
[SourceQuality "1"]

1. e4 e5 2. Nf3 Nf6 3. Nxe5 d6 4. Nf3 Nxe4 5. d4 d5 6. Bd3 Nc6 7. 0-0 Be7 8. Nc3 Nxc3 9. bxc3 Bg4 10. Rb1 Rb8 11. Re1 0-0 12. Bf4 Bd6 13. Bxd6 cxd6 14. Re3 h6 15. h3 Bh5 16. Qd2 f5 17. Kh2 f4 18. Re6 Qd7 19. Ree1 Qf7 20. Nh4 Qf6 21. Nf3 b6 22. Ng1 Ne7 23. c4 dxc4 24. Bxc4+ d5 25. Bd3 f3 26. g3 Nc6 27. c3 Rbe8 28. Rxe8 Rxe8 29. Re1 Rf8 30. Re3 Na5 31. Re5 Bg6 32. Qc2 Nc4 33. Bxg6 Nxe5 34. dxe5 Qxe5 35. Qd2 Rf6 36. Bc2 g5 37. Bb3 Kg7 38. Bxd5 Rd6 39. c4 Qf6 40. Qe3 1-0

[Event "Catarinense-ch"]
[Site "Concordia"]
[Date "2025.02.28"]
[Round "2"]
[White "Devens, Bruno Vendrusculo"]
[Black "Umetsubo, Cesar Hidemitsu"]
[Result "0-1"]
[WhiteElo "1865"]
[BlackElo "2355"]
[PlyCount "42"]
[EventDate "2025.02.28"]
[EventType "swiss"]
[EventRounds "6"]
[EventCountry "BRA"]
[SourceTitle "CB10_2025"]
[SourceDate "2025.03.05"]
[SourceVersion "1"]
[SourceVersionDate "2025.03.05"]
[SourceQuality "1"]

1. e4 c5 2. Nf3 d6 3. d4 cxd4 4. Nxd4 Nf6 5. Nc3 Nc6 6. Bg5 Bd7 7. Qd3 Rc8 8. Nxc6 Bxc6 9. 0-0-0 Qa5 10. f4 b5 11. Kb1 b4 12. Bxf6 gxf6 13. Nd5 Qc5 14. Be2 f5 15. Bf3 e6 16. exf5 Bxd5 17. fxe6 fxe6 18. Qe2 Qc4 19. Bh5+ Kd7 20. Qe3 Qxa2+ 21. Kc1 Bg7 0-1

[Event "Florianopolis op 11th"]
[Site "Florianopolis"]
[Date "2025.01.24"]
[Round "8"]
[White "Louis, Corentin"]
[Black "Umetsubo, Cesar Hidemitsu"]
[Result "0-1"]
[WhiteElo "2121"]
[BlackElo "2360"]
[PlyCount "128"]
[EventDate "2025.01.18"]
[EventType "swiss"]
[EventRounds "10"]
[EventCountry "BRA"]
[SourceTitle "CB05_2025"]
[SourceDate "2025.01.29"]
[SourceVersion "1"]
[SourceVersionDate "2025.01.29"]
[SourceQuality "1"]

1. f4 d5 2. Nf3 Nf6 3. g3 e6 4. Bg2 Be7 5. b3 c5 6. c4 Nc6 7. 0-0 0-0 8. e3 b6 9. d3 Bb7 10. Qe2 Ng4 11. a3 d4 12. e4 Na5 13. Qc2 f5 14. e5 Kh8 15. h3 Ne3 16. Bxe3 dxe3 17. Nc3 g5 18. Rae1 gxf4 19. gxf4 Rg8 20. Rxe3 Qf8 21. Kh2 Qh6 22. Ne2 Rg4 23. Ne1 Bxg2 24. Nxg2 Rag8 25. Rg3 Rxg3 26. Nxg3 Qg6 27. Rf3 h5 28. Nf1 Bh4 29. Nfe3 Nc6 30. Qd1 Nd4 31. Kh1 Nxf3 32. Qxf3 Be7 33. Kg1 h4 34. Nf1 Kh7 35. Kf2 Kh6 36. Qb7 Rg7 37. Qc6 Bd8 38. Kg1 Qf7 39. Kf2 Qd7 40. Qxd7 Rxd7 41. Ke2 Rg7 42. Kf2 Kg6 43. Nge3 Kf7 44. Nd1 Ke8 45. Nc3 Kd7 46. Ne2 Be7 47. Ne3 Rg8 48. Nd1 a6 49. Ndc3 Bf8 50. a4 Bh6 51. Kf3 Kc6 52. Kf2 Rd8 53. Ke3 Rd7 54. d4 Bxf4+ 55. Kxf4 cxd4 56. Nd1 d3 57. Nc1 d2 58. Ne2 Rd3 59. b4 Rxh3 60. Nd4+ Kd7 61. c5 bxc5 62. bxc5 Rd3 63. c6+ Ke7 64. c7 Rxd4+ 0-1

[Event "Florianopolis op 11th"]
[Site "Florianopolis"]
[Date "2025.01.23"]
[Round "7"]
[White "Umetsubo, Cesar Hidemitsu"]
[Black "Stapenhorst, Matheus Frederico"]
[Result "1/2-1/2"]
[WhiteElo "2360"]
[BlackElo "2024"]
[PlyCount "153"]
[EventDate "2025.01.18"]
[EventType "swiss"]
[EventRounds "10"]
[EventCountry "BRA"]
[SourceTitle "CB05_2025"]
[SourceDate "2025.01.29"]
[SourceVersion "1"]
[SourceVersionDate "2025.01.29"]
[SourceQuality "1"]

1. d4 Nf6 2. c4 e6 3. Nc3 Bb4 4. Qc2 0-0 5. a3 Bxc3+ 6. Qxc3 d5 7. Bg5 c5 8. dxc5 d4 9. Qg3 Nbd7 10. Nf3 Nxc5 11. Qe5 Nfd7 12. Bxd8 Nxe5 13. Be7 Nxf3+ 14. exf3 Nb3 15. Bxf8 Nxa1 16. Bd6 Nb3 17. c5 Bd7 18. Bc4 Ba4 19. Ke2 Rc8 20. Bxb3 Bxb3 21. Rc1 e5 22. Kd3 f6 23. f4 Re8 24. fxe5 fxe5 25. Re1 e4+ 26. Kxd4 Kf7 27. Re3 Ba4 28. Rh3 h6 29. Rh4 Bc6 30. Rf4+ Kg8 31. h4 Re6 32. Rf8+ Kh7 33. Be5 Re8 34. Rf7 Rd8+ 35. Bd6 Rd7 36. Rf8 Kg6 37. Ke5 Kh5 38. Ke6 g5 39. hxg5 hxg5 40. Kf5 Rh7 41. g4+ Kh4 42. b4 a6 43. Bg3+ Kh3 44. Kxg5 e3 45. Kf4 e2 46. f3 Re7 47. Be1 Kg2 48. g5 Bxf3 49. g6 Re4+ 50. Kf5 Rg4 51. Re8 Kf1 52. Bc3 Rc4 53. g7 Bd5 54. Ke5 Re4+ 55. Kxd5 Rxe8 56. a4 Rg8 57. b5 Rxg7 58. c6 axb5 59. axb5 Rg3 60. cxb7 Rxc3 61. b8Q e1Q 62. Qf4+ Ke2 63. Qe4+ Re3 64. Qc2+ Kf1 65. Qc4+ Kg2 66. Qc2+ Re2 67. Qg6+ Kf2 68. Qf5+ Ke3 69. Qe4+ Kd2 70. Qb4+ Kd3 71. Qc4+ Kd2 72. Qb4+ Kc2 73. Qxe1 Rxe1 74. b6 Rb1 75. Kc6 Kc3 76. b7 Kc4 77. Kc7 1/2-1/2

[Event "Florianopolis op 11th"]
[Site "Florianopolis"]
[Date "2025.01.20"]
[Round "4"]
[White "Gomes, Marco Tulio Caldeir"]
[Black "Umetsubo, Cesar Hidemitsu"]
[Result "0-1"]
[WhiteElo "1764"]
[BlackElo "2360"]
[PlyCount "58"]
[EventDate "2025.01.18"]
[EventType "swiss"]
[EventRounds "10"]
[EventCountry "BRA"]
[SourceTitle "CB05_2025"]
[SourceDate "2025.01.29"]
[SourceVersion "1"]
[SourceVersionDate "2025.01.29"]
[SourceQuality "1"]

1. c4 e5 2. Nc3 Nf6 3. g3 Nc6 4. Bg2 Bb4 5. Nf3 0-0 6. 0-0 d6 7. d3 Bg4 8. h3 Bh5 9. Bg5 Bxc3 10. bxc3 h6 11. Bxf6 Qxf6 12. Rb1 Rab8 13. Nd2 Nd8 14. f4 exf4 15. Rxf4 Qxc3 16. Ne4 Qd4+ 17. Kh2 f5 18. Qf1 Qe5 19. Rf2 Ne6 20. Nd2 f4 21. Kh1 fxg3 22. Rxf8+ Rxf8 23. Nf3 Bxf3 24. exf3 Nf4 25. Re1 Qb2 26. d4 Qxd4 27. Re4 Qd2 28. a4 Nxg2 29. Qxg2 Qd1+ 0-1

[Event "Criciuma op-A"]
[Site "Criciuma"]
[Date "2024.01.18"]
[Round "9"]
[White "Umetsubo, Cesar Hidemitsu"]
[Black "Hoffman, Alejandro"]
[Result "1/2-1/2"]
[WhiteElo "2349"]
[BlackElo "2358"]
[PlyCount "31"]
[EventDate "2024.01.12"]
[EventType "swiss"]
[EventRounds "9"]
[EventCountry "BRA"]
[SourceTitle "CBM 218 Extra"]
[Source "ChessBase"]
[SourceDate "2024.03.31"]
[SourceVersion "1"]
[SourceVersionDate "2024.03.31"]
[SourceQuality "1"]

1. d4 d6 2. Nf3 Nf6 3. c4 g6 4. Nc3 Bg7 5. g3 0-0 6. Bg2 c5 7. 0-0 cxd4 8. Nxd4 Nc6 9. Nxc6 bxc6 10. Bxc6 Rb8 11. Bg2 Qa5 12. Nb5 a6 13. Bd2 Qb6 14. Be3 Qa5 15. Bd2 Qb6 16. Be3 1/2-1/2

[Event "Catarinense-ch"]
[Site "Itajai"]
[Date "2023.11.26"]
[Round "5"]
[White "Volkmann, Andre Jordi"]
[Black "Umetsubo, Cesar Hidemitsu"]
[Result "0-1"]
[WhiteElo "2092"]
[BlackElo "2357"]
[PlyCount "52"]
[EventDate "2023.11.24"]
[EventType "swiss"]
[EventRounds "6"]
[EventCountry "BRA"]
[SourceTitle "CBM 217 Extra"]
[Source "ChessBase"]
[SourceDate "2024.01.31"]
[SourceVersion "1"]
[SourceVersionDate "2024.01.31"]
[SourceQuality "1"]

1. d4 Nf6 2. c4 e6 3. Nc3 Bb4 4. e3 c5 5. Bd3 Nc6 6. Nf3 Bxc3+ 7. bxc3 d6 8. 0-0 e5 9. d5 Ne7 10. e4 Ng6 11. Ne1 h6 12. g3 Bh3 13. Ng2 Qd7 14. a4 h5 15. a5 h4 16. Qa4 Rh5 17. f4 hxg3 18. hxg3 exf4 19. Bxf4 Qxa4 20. Rxa4 Kd7 21. Rb1 Kc7 22. Be2 Bg4 23. Re1 Rah8 24. Bxg4 Nxg4 25. Kf1 Rh1+ 26. Ke2 R8h2 0-1

[Event "Catarinense-ch"]
[Site "Itajai"]
[Date "2023.11.25"]
[Round "4"]
[White "Umetsubo, Cesar Hidemitsu"]
[Black "Matsuura, Everaldo"]
[Result "0-1"]
[WhiteElo "2357"]
[BlackElo "2412"]
[PlyCount "72"]
[EventDate "2023.11.24"]
[EventType "swiss"]
[EventRounds "6"]
[EventCountry "BRA"]
[SourceTitle "CBM 217 Extra"]
[Source "ChessBase"]
[SourceDate "2024.01.31"]
[SourceVersion "1"]
[SourceVersionDate "2024.01.31"]
[SourceQuality "1"]

1. d4 d5 2. Nf3 Nf6 3. Bf4 c5 4. e3 Nc6 5. Nbd2 cxd4 6. exd4 Bf5 7. c3 e6 8. Bb5 Bd6 9. Ne5 Qc7 10. 0-0 0-0 11. Re1 Ng4 12. Bxc6 bxc6 13. h3 Nxe5 14. Bxe5 Bxe5 15. Rxe5 c5 16. Nb3 Rab8 17. Qe2 cxd4 18. Nxd4 Rxb2 19. Qxb2 Qxe5 20. Qb7 Be4 21. Qxa7 Qg5 22. g3 Qd2 23. Qc5 Qd3 24. Re1 h5 25. a4 Rb8 26. Nb5 Qf3 27. Kf1 Ra8 28. Qb4 h4 29. Qd6 Qg2+ 30. Ke2 Qxh3 31. Nd4 hxg3 32. fxg3 Qh5+ 33. Ke3 e5 34. Nc6 Qf3+ 35. Kd2 Qd3+ 36. Kc1 Qc2# 0-1

[Event "Florianopolis 6th"]
[Site "Florianopolis"]
[Date "2023.11.21"]
[Round "8"]
[White "Cuenca Jimenez, Jose Fernando"]
[Black "Umetsubo, Cesar Hidemitsu"]
[Result "1-0"]
[WhiteElo "2505"]
[BlackElo "2357"]
[PlyCount "123"]
[EventDate "2023.11.17"]
[EventType "tourn"]
[EventRounds "9"]
[EventCountry "BRA"]
[SourceTitle "CBM 217 Extra"]
[Source "ChessBase"]
[SourceDate "2024.01.31"]
[SourceVersion "1"]
[SourceVersionDate "2024.01.31"]
[SourceQuality "1"]

1. Nf3 Nf6 2. g3 d5 3. Bg2 c5 4. 0-0 Nc6 5. d4 e6 6. c4 cxd4 7. Nxd4 Qb6 8. Nb5 dxc4 9. N1c3 Bc5 10. Nd6+ Bxd6 11. Qxd6 Nb4 12. Qf4 Qa6 13. b3 Bd7 14. bxc4 Rc8 15. Nb5 0-0 16. a4 Bc6 17. Bh3 Nc2 18. Ra2 Nb4 19. Rb2 Qxa4 20. Bd2 a5 21. Nc3 Qa3 22. Rfb1 Na6 23. Nb5 Qc5 24. Bxa5 Qh5 25. Bf1 e5 26. Qh4 Qxh4 27. gxh4 Nc5 28. Bb4 Bxb5 29. cxb5 b6 30. Bh3 Rc7 31. Rc2 Rb8 32. Bg2 e4 33. Rbc1 Rbc8 34. Bh3 Ne6 35. Rxc7 Rxc7 36. Rc6 Nd5 37. Bd6 Rxc6 38. bxc6 b5 39. Bf5 b4 40. Bxe6 fxe6 41. Bxb4 Kf7 42. Bd6 Ne7 43. c7 Nc8 44. Be5 g6 45. Kg2 Ke8 46. Kg3 Kd7 47. Kf4 Ne7 48. Kxe4 Nf5 49. Bg3 Nh6 50. Ke5 Ng4+ 51. Kf4 Nh6 52. Kg5 Ng8 53. h5 gxh5 54. Kxh5 Kc8 55. Kg5 Kd7 56. e4 Kc8 57. e5 Kd7 58. f4 Kc8 59. f5 h6+ 60. Kg6 exf5 61. Kxf5 h5 62. Kg6 1-0

[Event "Timbo op 3rd"]
[Site "Timbo"]
[Date "2023.11.05"]
[Round "6"]
[White "Bambino Filho, Antonio Carlos"]
[Black "Umetsubo, Cesar Hidemitsu"]
[Result "1-0"]
[WhiteElo "2144"]
[BlackElo "2357"]
[PlyCount "103"]
[EventDate "2023.11.03"]
[EventType "swiss"]
[EventRounds "6"]
[EventCountry "BRA"]
[SourceTitle "CBM 217 Extra"]
[Source "ChessBase"]
[SourceDate "2024.01.31"]
[SourceVersion "1"]
[SourceVersionDate "2024.01.31"]
[SourceQuality "1"]

1. d4 Nf6 2. c4 e6 3. Nf3 b6 4. g3 Bb7 5. Bg2 Be7 6. 0-0 0-0 7. Nc3 Ne4 8. Bd2 d6 9. Qc2 Nxc3 10. Bxc3 f5 11. d5 e5 12. Nxe5 dxe5 13. d6 Bxg2 14. dxe7 Qxe7 15. Kxg2 Qe6 16. b3 Nd7 17. Rad1 Nf6 18. f3 Rae8 19. Rd2 f4 20. g4 h5 21. g5 Nd7 22. h4 Nc5 23. Bb4 e4 24. Bxc5 exf3+ 25. exf3 bxc5 26. Rff2 Qc6 27. Qd3 Re5 28. Qd7 Qxd7 29. Rxd7 Rf7 30. Rfd2 g6 31. Kf2 c6 32. R2d6 Rxd7 33. Rxd7 Re3 34. Rd6 Rc3 35. Rxg6+ Kf7 36. Rf6+ Ke7 37. Rxf4 Rc2+ 38. Kg3 Rxa2 39. Re4+ Kf7 40. Kf4 Rb2 41. Re3 Rh2 42. Kf5 Rxh4 43. g6+ Kf8 44. f4 Rg4 45. Rh3 Kg7 46. Rxh5 Rxg6 47. Rg5 Rxg5+ 48. fxg5 a5 49. g6 Kg8 50. Ke6 Kg7 51. Kd6 Kxg6 52. Kxc6 1-0

[Event "Florianopolis op-A"]
[Site "Florianopolis"]
[Date "2023.09.24"]
[Round "6"]
[White "Filgueiras, Nathan Felipe"]
[Black "Umetsubo, Cesar Hidemitsu"]
[Result "0-1"]
[WhiteElo "2328"]
[BlackElo "2347"]
[PlyCount "66"]
[EventDate "2023.09.22"]
[EventType "swiss"]
[EventRounds "6"]
[EventCountry "BRA"]
[SourceTitle "CBM 216 Extra"]
[Source "ChessBase"]
[SourceDate "2023.11.30"]
[SourceVersion "1"]
[SourceVersionDate "2023.11.30"]
[SourceQuality "1"]

1. e4 c5 2. Nf3 d6 3. d4 cxd4 4. Nxd4 Nf6 5. Nc3 Nc6 6. Bg5 Bd7 7. f3 a6 8. Qd2 e6 9. 0-0-0 Nxd4 10. Qxd4 Be7 11. h4 b5 12. Qd2 Qc7 13. Kb1 h6 14. Be3 h5 15. Bd3 b4 16. Ne2 a5 17. Bg5 Rb8 18. Rhe1 a4 19. Rc1 0-0 20. Ng3 Bb5 21. Qe2 Bc6 22. f4 a3 23. Bxf6 Bxf6 24. e5 dxe5 25. fxe5 axb2 26. Rcd1 Bd5 27. Nxh5 Bxa2+ 28. Kxa2 Ra8+ 29. Ba6 Bxe5 30. Qxe5 Rxa6+ 31. Kxb2 Ra2+ 32. Kxa2 Qxc2+ 33. Qb2 Ra8# 0-1